000 00437nam a2200157Ia 4500
008 160316s2009 xxu||||| |||| 00| 0 eng d
082 _a342.085000
_bMOR
100 _aMorgan Rhiannon
245 _aInterpreting human rights : Social science perspectives
250 _a
260 _aLondon
_bRoutledge
_c2009
300 _a203p
_b
_cxiii
365 _b Rs. 6,545
650 _a1. Human Rights - Intepreting
700 _aTurner Bryan S
_a
999 _c28499
_d28499